8 Limbs of Yoga Quiz Stats

 Plays Quiz not verified by Sporcle

Also try: Sporcle Dog Trivia
Challenge
Share
Tweet
Embed
Score 0/8 Timer 02:00
0 Plays Today
Characteristics Limb % Correct
posture, harmony with bodyasana
90.9%
moral codes, respect for othersyama
90%
respect for self, self-purificationniyama
84.2%
breath control, harmony with vital energypranayama
84.2%
withdrawal of mind, harmony with emotionspratyahara
65.1%
concentration, harmony with thoughtsdharana
61.2%
union with object of meditation, enlightenment samadhi
59.3%
deep meditation, contemplationdhyana
57.9%

You're not logged in!

Compare scores with friends on all Sporcle quizzes.
OR
Log In

You Might Also Like...

Show Comments

Extras

Created Feb 20, 2015ReportNominate
Tags:enlightenment, limb, reach, step, yoga

Top Quizzes Today


Score Distribution

Your Account Isn't Verified!

In order to create a playlist on Sporcle, you need to verify the email address you used during registration. Go to your Sporcle Settings to finish the process.

Report this User

Report this user for behavior that violates our Community Guidelines.

Details: